France (Record no. 722)

MARC details
000 -LEADER
fixed length control field 00463nam a2200181Ia 4500
020 ## - INTERNATIONAL STANDARD BOOK NUMBER
ISBN 7054 0843 4
082 ## - DEWEY DECIMAL CLASSIFICATION NUMBER
Classification number RR 909 LIB-;
245 #0 - TITLE STATEMENT
Title France
260 ## - PUBLICATION, DISTRIBUTION, ETC. (IMPRINT)
Place of publication Amsterdam
Name of publisher Time-Life Books
Year of publication 1984
300 ## - PHYSICAL DESCRIPTION
Number of Pages 160p.: pictures
440 ## - SERIES STATEMENT/ADDED ENTRY--TITLE
Title Library of nations
504 ## - BIBLIOGRAPHY, ETC. NOTE
Bibliography, etc Includes index
650 ## - SUBJECT ADDED ENTRY--TOPICAL TERM
Topical Term France - Pictorial works
650 ## - SUBJECT ADDED ENTRY--TOPICAL TERM
Topical Term France - Social life and customs
650 ## - SUBJECT ADDED ENTRY--TOPICAL TERM
Topical Term France - History
700 ## - ADDED ENTRY--PERSONAL NAME
Personal name Editors of time-life books
942 ## - ADDED ENTRY ELEMENTS (KOHA)
Koha item type Books
Holdings
Withdrawn status Lost status Damaged status Not for loan Home library Current library Date acquired Bill Date Full call number Accession Number Price effective from Koha item type
        NASSDOC Library NASSDOC Library 08/06/2004 2004-10-22 RR 909 LIB-; 23970 18/04/2019 Books